8 to 1: Autumn Quiz Stats

 Plays Quiz not verified by Sporcle

Score 0/36 Timer 07:00
4 Plays Today
% Correct
Dutch Apple
92.9%
Southern Pecan
92.7%
Lemon Meringue
92.7%
Spiced Pumpkin
92.6%
Strawberry Rhubarb
92.6%
Tart Cherry
91.8%
Haystacks
91%
Cornstalks
90.9%
Jack-o-lantern
90.8%
Mashed
90.3%
Scarecrows
90.1%
Fall
89.7%
Boston Cream
89.6%
Pine
88.3%
Baked
88.2%
Skins
87.9%
Wedges
87.4%
Gourds
86.7%
% Correct
All Saints Day
86.6%
Fir
85.9%
Birch
85.1%
Yams
84.2%
Cornucopia
83.8%
Halloween
83.4%
Columbus Day
82.7%
Rakes
82.1%
Thanksgiving
80%
Ash
78.9%
Maple
77.6%
Veteran's Day
75.4%
Cedar
75.3%
Spruce
74.1%
Crysanthemums
68.7%
Poplar
68.3%
Juniper
63%
Yew
55.2%

You're not logged in!

Compare scores with friends on all Sporcle quizzes.
OR
Log In

Show Comments

Extras

Top Quizzes Today


Score Distribution

Your Account Isn't Verified!

In order to create a playlist on Sporcle, you need to verify the email address you used during registration. Go to your Sporcle Settings to finish the process.

Report this User

Report this user for behavior that violates our Community Guidelines.

Details: